01022nam a22002657a 45000010005000000030006000050050017000110080041000280200018000690400029000870820012001161000009001282450034001372600039001713000061002104900013002715050009002845200223002935210030005165210022005467000032005689420015006009990015006159520126006308385FISKH20250910115132.0250910b cb ||||| |||| 00| 0 eng d a9781405900928 aFISKHbengcFISKHdFISKH a823.914 aBBC  aThat's my picture! /cBy BBC  aLondon :bBBC Children's ,c2005 . a32 unnumbered pages : bcolor illustrations ; c18 cm .  aTweenies aG  aMilo is painting a picture of a cat. But when he leaves it alone for a moment, Bella comes along and adds a body to what she thinks is a rabbit. Then Fizz adds legs to the 'horse'. And Jake adds stripes to the 'zebra' 8 a400 bLexile estimate 8 aG bRaz-Plus  aMagic island eIllustrator  2ddccBKn0 c8385d8385 00102ddc40708JUVFa002b002cTTP Dark Blued2025-09-10l0oBBC 823.914pFIS01944r2025-09-10 11:40:10w2025-09-10yBK